01061cam a22002654a 450000100090000000300100000900500170001900800410003601000170007702000160009404000140011004200080012405000220013208200190015410000350017324500720020826000440028030000360032450001710036050400510053165000190058270000340060185600740063585600860070912102581NUST-PNEC20170116180706.0000711s2000 maua b 001 0 eng  a 00058521  a0750673044  aDLCcPNEC apcc00aTJ1075b.S78 200000a621.89 STA2211 aStachowiak, G. W.q(Gwidon W.)10aEngineering tribology /cGwidon W. Stachowiak, Andrew W. Batchelor. aBoston :bButterworth-Heinemann,c2000. axxiii, 744 p. :bill. ;c27 cm. aIncludes Index http://www.amazon.com/Engineering-Tribology-Second-Gwidon-Stachowiak/dp/0750673044/ref=sr_1_1?s=books&ie=UTF8&qid=1411549491&sr=1-1&keywords=0750673044 aIncludes bibliographical references and index. 0aTribology.xME1 aBatchelor, A. W.q(Andrew W.)413Table of contentsuhttp://www.loc.gov/catdir/toc/els051/00058521.html423Publisher descriptionuhttp://www.loc.gov/catdir/description/els031/00058521.html